[Event "3rd Batavia-Grolsch"]
[Site "Amsterdam NED"]
[Date "2011.02.24"]
[Round "6"]
[White "Michiels, Bart"]
[Black "Thipsay, Praveen M"]
[Result "1-0"]
[WhiteTitle "IM"]
[BlackTitle "GM"]
[WhiteElo "2489"]
[BlackElo "2461"]
[WhiteFideId "202967"]
[BlackFideId "5000033"]
[EventDate "2011.02.18"]

1. e4 e5 2. Bc4 Nf6 3. d3 Nc6 4. Nf3 Be7 5. O-O O-O 6. Bb3 d5 7. exd5 Nxd5 8. h3
a5 9. a3 a4 10. Bc4 Kh8 11. Re1 f6 12. Nbd2 Nf4 13. Ne4 Ng6 14. c3 Bd7 15. d4
Na5 16. Ba2 Bc6 17. d5 Bb5 18. Nfd2 f5 19. c4 Bd7 20. Nc3 e4 21. Nxa4 Nxc4 22.
Nxc4 Bxa4 23. Qe2 Bd7 24. Bd2 Nh4 25. Bf4 Ng6 26. Bh2 Bf6 27. d6 c6 28. Qe3 Ra6
29. Qb3 b5 30. Ne3 Be5 31. Rad1 f4 32. Ng4 Bxg4 33. hxg4 e3 34. fxe3 f3 35. gxf3
Bxh2+ 36. Kxh2 Ne5 37. Kg2 Nxf3 38. Rf1 Ra4 39. Qe6 Rf6 40. Rxf3 Rxe6 41. Bxe6
Ra8 42. d7 h6 43. Rf4 Qg5 44. Re4 g6 45. Rd6 Rd8 46. Rxc6 Kg7 47. Rc8 Rxd7 48.
Bxd7 Qd5 49. Bc6 Qd2+ 50. Kh3 Qc1 51. Re7+ Kf6 52. Re6+ Kg5 53. Rxg6+ 1-0

[Event "3rd Batavia-Grolsch"]
[Site "Amsterdam NED"]
[Date "2011.02.24"]
[Round "6"]
[White "Van Kampen, Robin"]
[Black "Hertneck, Gerald"]
[Result "1/2-1/2"]
[WhiteTitle "IM"]
[BlackTitle "GM"]
[WhiteElo "2443"]
[BlackElo "2542"]
[WhiteFideId "1020854"]
[BlackFideId "4600088"]
[EventDate "2011.02.18"]

1. e4 e6 2. d4 d5 3. Nc3 Nc6 4. Nf3 Nf6 5. Bd3 Nb4 6. Bg5 Be7 7. e5 Nxd3+ 8.
cxd3 Nd7 9. Bxe7 Qxe7 10. O-O O-O 11. Rc1 b6 12. Qa4 c5 13. Nb5 a5 14. b4 cxd4
15. Nc7 Ra7 16. Nb5 Ra8 1/2-1/2

[Event "3rd Batavia-Grolsch"]
[Site "Amsterdam NED"]
[Date "2011.02.25"]
[Round "7"]
[White "Kleijn, Christov"]
[Black "Bok, Benjamin"]
[Result "0-1"]
[WhiteTitle "IM"]
[BlackTitle "IM"]
[WhiteElo "2428"]
[BlackElo "2453"]
[WhiteFideId "1013564"]
[BlackFideId "1017063"]
[EventDate "2011.02.18"]

1. e4 e5 2. Nf3 Nc6 3. Bb5 a6 4. Ba4 Nge7 5. O-O g6 6. c3 Bg7 7. d4 exd4 8. cxd4
b5 9. Bc2 O-O 10. Be3 d6 11. Nbd2 f5 12. Bb3+ Kh8 13. exf5 Bxf5 14. Ng5 d5 15.
Bc2 Qd6 16. Nb3 Rae8 17. Bxf5 Nxf5 18. Qg4 h6 19. Bf4 Qf6 20. Nf3 Re4 21. Nc5 h5
22. Qg5 Qxg5 23. Bxg5 Re2 24. Nxa6 Ncxd4 25. Nxd4 Nxd4 26. Nxc7 Rf7 27. Rac1 Re5
28. f4 Ne2+ 29. Kh1 Nxc1 30. Rxc1 Rxg5 0-1

[Event "3rd Batavia-Grolsch"]
[Site "Amsterdam NED"]
[Date "2011.02.25"]
[Round "7"]
[White "Thipsay, Praveen M"]
[Black "Van Delft, Merijn"]
[Result "1/2-1/2"]
[WhiteTitle "GM"]
[BlackTitle "IM"]
[WhiteElo "2461"]
[BlackElo "2387"]
[WhiteFideId "5000033"]
[BlackFideId "1004670"]
[EventDate "2011.02.18"]

1. e4 c5 2. Nf3 d6 3. d4 cxd4 4. Nxd4 Nf6 5. Nc3 a6 6. Be2 g6 7. O-O Bg7 8. Nb3
O-O 9. f4 Nbd7 10. Bf3 Qc7 11. Kh1 Nb6 12. a4 Nc4 13. Qe2 Rb8 1/2-1/2

[Event "3rd Batavia-Grolsch"]
[Site "Amsterdam NED"]
[Date "2011.02.25"]
[Round "7"]
[White "Murshed, Niaz"]
[Black "Ris, Robert"]
[Result "1/2-1/2"]
[WhiteTitle "GM"]
[BlackTitle "IM"]
[WhiteElo "2436"]
[BlackElo "2418"]
[WhiteFideId "10200010"]
[BlackFideId "1011480"]
[EventDate "2011.02.18"]

1. d4 d5 2. Nf3 Nf6 3. c4 c6 4. e3 g6 5. Nc3 Bg7 6. Be2 O-O 7. O-O Bg4 8. cxd5
cxd5 9. Qb3 b6 10. h3 Bc8 11. Ne5 Bb7 12. a4 Nc6 13. Nxc6 Bxc6 14. Bd2 Qd7 15.
Rfc1 e6 16. Ba6 Rfb8 17. Nb5 Ne8 18. Bb4 Bb7 19. Bxb7 1/2-1/2

[Event "3rd Batavia-Grolsch"]
[Site "Amsterdam NED"]
[Date "2011.02.25"]
[Round "7"]
[White "Hertneck, Gerald"]
[Black "Michiels, Bart"]
[Result "1/2-1/2"]
[WhiteTitle "GM"]
[BlackTitle "IM"]
[WhiteElo "2542"]
[BlackElo "2489"]
[WhiteFideId "4600088"]
[BlackFideId "202967"]
[EventDate "2011.02.18"]

1. d4 d5 2. Nf3 Nf6 3. c4 c6 4. cxd5 cxd5 5. Nc3 Nc6 6. Bf4 a6 7. e3 Bg4 8. Be2
e6 9. O-O Bd6 10. Bxd6 Qxd6 11. h3 Bh5 12. a3 O-O 13. Nd2 1/2-1/2

[Event "3rd Batavia-Grolsch"]
[Site "Amsterdam NED"]
[Date "2011.02.26"]
[Round "8"]
[White "Van Kampen, Robin"]
[Black "Murshed, Niaz"]
[Result "1/2-1/2"]
[WhiteTitle "IM"]
[BlackTitle "GM"]
[WhiteElo "2443"]
[BlackElo "2436"]
[WhiteFideId "1020854"]
[BlackFideId "10200010"]
[EventDate "2011.02.18"]

1. e4 e6 2. d4 d5 3. Nc3 Nf6 4. e5 Nfd7 5. f4 c5 6. Nf3 Nc6 7. Be3 Qb6 8. Na4
Qa5+ 9. c3 cxd4 10. b4 Nxb4 11. cxb4 Bxb4+ 12. Bd2 Bxd2+ 13. Nxd2 O-O 14. Be2 d3
15. Bxd3 Qb4 16. Qc2 Qxf4 17. O-O-O Nxe5 18. Nc5 Nxd3+ 19. Nxd3 Qd6 20. Qb2 Bd7
21. Kb1 f6 22. Ka1 b6 23. g4 e5 24. g5 Bf5 25. Nf1 d4 26. gxf6 gxf6 27. Ng3 Bg6
28. h4 Kh8 29. h5 Bf7 30. Rhf1 Be6 31. Qe2 Bc4 32. h6 Qa3 33. Ne4 Rac8 34. Qb2
Qxb2+ 35. Kxb2 f5 36. Nd6 Bxd3 37. Rxd3 Rc6 38. Rxf5 Rxf5 39. Nxf5 Rf6 40. Rf3
Kg8 41. Nxd4 Rxh6 42. Ne2 Kg7 43. Kc2 Rh2 44. Kd2 Rh4 45. Ra3 a5 46. Rb3 Ra4 47.
Nc3 Rb4 48. Rxb4 axb4 49. Nd5 Kf7 50. Ke3 Ke6 51. Nxb4 h5 52. Ke4 h4 53. Nd3 h3
54. Nf2 h2 55. Nh1 Kd6 56. Nf2 b5 57. Nh1 b4 58. Nf2 Kc5 59. Kxe5 Kc4 60. Kf4
Kc3 61. Kg3 Kb2 62. Kxh2 Kxa2 63. Nd3 b3 64. Nc1+ Ka3 65. Nxb3 1/2-1/2

[Event "3rd Batavia-Grolsch"]
[Site "Amsterdam NED"]
[Date "2011.02.26"]
[Round "8"]
[White "Thipsay, Praveen M"]
[Black "Hertneck, Gerald"]
[Result "1/2-1/2"]
[WhiteTitle "GM"]
[BlackTitle "GM"]
[WhiteElo "2461"]
[BlackElo "2542"]
[WhiteFideId "5000033"]
[BlackFideId "4600088"]
[EventDate "2011.02.18"]

1. e4 e6 2. d4 d5 3. e5 c5 4. c3 Nc6 5. Nf3 Bd7 6. Be2 Nge7 7. O-O Ng6 8. Be3
Qb6 9. Qd2 Be7 10. g3 h6 11. Bd3 cxd4 12. cxd4 Nb4 13. Be2 Bb5 14. Nc3 Bxe2 15.
Qxe2 Qa6 16. Nb5 O-O 17. a3 Nc2 18. Qxc2 Qxb5 19. Rfc1 a5 20. h4 Rfd8 21. a4 Qa6
22. Ne1 Nf8 23. Ng2 b6 24. Nf4 Rac8 25. Qd3 Qxd3 26. Nxd3 Nd7 27. Rxc8 Rxc8 28.
Rc1 Rxc1+ 29. Nxc1 Nb8 30. h5 Nc6 31. Nd3 f6 32. f4 f5 33. Kf2 g6 34. hxg6 Kg7
35. Kf3 h5 36. Bf2 Kxg6 37. Ne1 Bd8 38. Ke2 h4 39. gxh4 Kh5 40. Nf3 Kg4 41. Ke3
Be7 42. Be1 Bd8 43. Ng5 Bxg5 44. hxg5 Kh5 45. Bc3 Kg6 46. Kd3 Kf7 47. Kc2 Ke8
48. Kb3 Ne7 49. Bd2 Kd7 50. Kc3 Kc6 51. Be1 Ng6 1/2-1/2

[Event "3rd Batavia-Grolsch"]
[Site "Amsterdam NED"]
[Date "2011.02.26"]
[Round "8"]
[White "Van Delft, Merijn"]
[Black "Bok, Benjamin"]
[Result "1-0"]
[WhiteTitle "IM"]
[BlackTitle "IM"]
[WhiteElo "2387"]
[BlackElo "2453"]
[WhiteFideId "1004670"]
[BlackFideId "1017063"]
[EventDate "2011.02.18"]

1. e4 e5 2. Nf3 Nc6 3. Bc4 Nf6 4. d4 exd4 5. O-O Nxe4 6. Re1 d5 7. Bxd5 Qxd5 8.
Nc3 Qa5 9. Nxe4 Be6 10. Neg5 O-O-O 11. Nxe6 fxe6 12. Rxe6 h6 13. Qe2 Bd6 14. Bd2
Qh5 15. h3 Rhf8 16. Re1 Qd5 17. a3 a5 18. Qe4 Qxe4 19. R1xe4 Rf5 20. Ne1 Kd7 21.
Nd3 Rdf8 22. f4 R5f6 23. Rxf6 Rxf6 24. Kf2 h5 25. g3 Rf8 26. Kf3 g6 27. Be1 Rf5
28. Bf2 Rd5 29. g4 Be7 30. Re1 Bf6 31. Rg1 Ne7 32. a4 b6 33. Ke4 Ke6 34. Rf1 Rd8
35. f5+ gxf5+ 36. gxf5+ Kf7 37. Bg3 Nd5 38. Rg1 c6 39. Ne5+ Bxe5 40. Bxe5 Nb4
41. Rg7+ Kf8 42. Rh7 Rd5 43. Bxd4 b5 44. axb5 Nxc2 45. Bc3 Rxb5 46. Rxh5 Nb4 47.
Rh8+ Kf7 48. Rh7+ Kf8 49. Ra7 Nd5 50. Bd4 Rb4 51. Ke5 Rb5 52. Kd6 Nf4 53. Bc5
Nd3 54. Ba3 Ke8 55. f6 Rf5 56. f7+ Rxf7 57. Ra8# 1-0

[Event "3rd Batavia-Grolsch"]
[Site "Amsterdam NED"]
[Date "2011.02.26"]
[Round "8"]
[White "Ris, Robert"]
[Black "Kleijn, Christov"]
[Result "0-1"]
[WhiteTitle "IM"]
[BlackTitle "IM"]
[WhiteElo "2418"]
[BlackElo "2428"]
[WhiteFideId "1011480"]
[BlackFideId "1013564"]
[EventDate "2011.02.18"]

1. d4 Nf6 2. c4 g6 3. Nc3 Bg7 4. e4 d6 5. Nf3 O-O 6. h3 e5 7. d5 Na6 8. Bg5 h6
9. Be3 Qe8 10. g4 Nc5 11. Nd2 a5 12. Rg1 c6 13. h4 Bd7 14. Be2 cxd5 15. cxd5 b5
16. g5 hxg5 17. hxg5 Nh7 18. Rc1 b4 19. Ncb1 Qe7 20. Bxc5 dxc5 21. Nf3 f5 22.
Bc4 Qf7 23. d6 Be6 24. Bxe6 Qxe6 25. Rxc5 fxe4 26. Nh4 Rad8 27. Qd5 Rxd6 28.
Qxe6+ Rxe6 29. Rg3 Rd8 30. Nd2 Bf8 31. Rxa5 Rd4 32. Rg4 e3 33. Ne4 b3 34. Ke2
exf2 35. axb3 Nxg5 36. Nxg5 f1=Q+ 37. Kxf1 Rf6+ 0-1

[Event "3rd Batavia-Grolsch"]
[Site "Amsterdam NED"]
[Date "2011.02.26"]
[Round "8"]
[White "Michiels, Bart"]
[Black "Bosboom, Manuel"]
[Result "1/2-1/2"]
[WhiteTitle "IM"]
[BlackTitle "IM"]
[WhiteElo "2489"]
[BlackElo "2438"]
[WhiteFideId "202967"]
[BlackFideId "1000080"]
[EventDate "2011.02.18"]

1. e4 c5 2. Nf3 e6 3. d4 cxd4 4. Nxd4 a6 5. c4 Nf6 6. Nc3 Qc7 7. a3 b6 8. Be3
Bb7 9. f3 d6 10. Be2 Nbd7 11. O-O Rc8 12. Rc1 Qb8 13. Qd2 Be7 14. Rfd1 h6 15. b4
O-O 16. Kh1 Rfd8 17. Bf1 Ba8 18. Nb3 g5 19. Qf2 Re8 20. Rc2 Bf8 21. Bd4 Bg7 22.
Rcc1 g4 23. Rb1 gxf3 24. Qxf3 Qb7 25. Bd3 Ne5 26. Bxe5 dxe5 27. c5 Red8 28. Qe2
b5 29. Bc2 Qc7 30. Rxd8+ Rxd8 31. Rd1 Nh7 32. a4 bxa4 33. Rxd8+ Qxd8 34. Nxa4
Ng5 35. Nc3 f5 36. Qd3 Qe8 37. Qxa6 fxe4 38. Qe2 Bd5 39. h4 Nh7 40. Nxe4 Qa4 41.
b5 Nf6 42. Nxf6+ Bxf6 43. c6 Qxh4+ 44. Kg1 Bd8 45. Qf2 Qg4 46. Kh2 Bb6 47. Bd1
Qxd1 48. Qxb6 Qh5+ 49. Kg1 Qd1+ 1/2-1/2

[Event "3rd Batavia-Grolsch"]
[Site "Amsterdam NED"]
[Date "2011.02.27"]
[Round "9"]
[White "Kleijn, Christov"]
[Black "Van Kampen, Robin"]
[Result "0-1"]
[WhiteTitle "IM"]
[BlackTitle "IM"]
[WhiteElo "2428"]
[BlackElo "2443"]
[WhiteFideId "1013564"]
[BlackFideId "1020854"]
[EventDate "2011.02.18"]

1. e4 c5 2. Nf3 d6 3. d4 cxd4 4. Nxd4 Nf6 5. Nc3 a6 6. Bg5 e6 7. f4 Nbd7 8. Qf3
Qc7 9. O-O-O b5 10. Bd3 Bb7 11. Rhe1 Qb6 12. Qe3 b4 13. Nd5 exd5 14. exd5+ Kd8
15. Bxf6+ gxf6 16. Bf5 Kc7 17. Bxd7 Kxd7 18. Qh3+ Kc7 19. Qh5 Rc8 20. Qxf7+ Kb8
21. Re8 Bh6 22. Rxc8+ Rxc8 23. Qxf6 Bf8 24. Ne6 Qf2 25. Qf5 Be7 26. Qe4 Bf6 27.
g4 h6 28. h4 Bxh4 29. Kb1 Bf6 30. Rc1 Qd2 31. Qg6 Bh8 0-1

[Event "3rd Batavia-Grolsch"]
[Site "Amsterdam NED"]
[Date "2011.02.27"]
[Round "9"]
[White "Bok, Benjamin"]
[Black "Ris, Robert"]
[Result "1-0"]
[WhiteTitle "IM"]
[BlackTitle "IM"]
[WhiteElo "2453"]
[BlackElo "2418"]
[WhiteFideId "1017063"]
[BlackFideId "1011480"]
[EventDate "2011.02.18"]

1. e4 e5 2. Nf3 Nc6 3. Bb5 Bc5 4. c3 Nf6 5. d4 exd4 6. e5 Ne4 7. O-O d5 8. cxd4
Bb6 9. Be3 O-O 10. Bxc6 bxc6 11. Qc2 Bg4 12. Nfd2 Nxd2 13. Nxd2 Qd7 14. Rac1 f6
15. f4 Rae8 16. Qc3 fxe5 17. fxe5 Re6 18. Rxf8+ Kxf8 19. a4 a6 20. a5 Ba7 21.
Qb4+ Kg8 22. Rf1 Qc8 23. Nb3 h6 24. h3 Be2 25. Rf2 Bd3 26. Qc3 Bg6 27. Nc1 Qe8
28. b4 Be4 29. Ne2 g5 30. Ng3 Qg6 31. Qe1 Bd3 32. Rf3 g4 33. hxg4 Qxg4 34. Rf4
Qg6 35. Qf2 Re7 36. Rf8+ Kg7 37. Nh5+ 1-0